书目信息 |
| 题名: |
技术创新及其知识产权保护
|
|
| 作者: | 刘二中 编著 | |
| 分册: | ||
| 出版信息: | 合肥 中国科学技术大学出版社 1999.08 |
|
| 页数: | 277页 | |
| 开本: | 32开 | |
| 丛书名: | ||
| 单 册: | ||
| 中图分类: | D923.4 | |
| 科图分类: | ||
| 主题词: | 法律--中国 | |
| 电子资源: | ||
| ISBN: | 7-312-01083-0 | |
| 000 | 00592nam0 2200193 45 | |
| 001 | 0010111612 | |
| 005 | 20001011165140.3 | |
| 010 | @a7-312-01083-0@d12.00元 | |
| 100 | @a20001011d1999 km y0chiy0120 ea | |
| 101 | 0 | @achi |
| 105 | @a z 000yy | |
| 200 | 1 | @a技术创新及其知识产权保护@AJi Shu Chuang Xin Ji Qi Zhi Shi Chan Quan Bao Hu@f刘二中编著@FLiu Er Zhong Bian Zhu |
| 210 | @a合肥@c中国科学技术大学出版社@d1999.08 | |
| 215 | @a277页@d32开 | |
| 606 | 0 | @a法律@x中国 |
| 690 | @aD923.4@v3 | |
| 701 | 0 | @a刘二中@4编著 |
| 801 | @aCN@bPftUser@c20001011 | |
| 905 | @b175932-935@dD923.4@eL963@f4 | |
| 技术创新及其知识产权保护/刘二中编著.-合肥:中国科学技术大学出版社,1999.08 |
| 277页;32开 |
| ISBN 7-312-01083-0:12.00元 |
| ● |
| 相关链接 |
|
|
|
正题名:技术创新及其知识产权保护
索取号:D923.4/L963
 
预约/预借
| 序号 | 登录号 | 条形码 | 馆藏地/架位号 | 状态 | 备注 |
| 1 | 175932 | 201759329 | 社科库509/509社科库 92排4列3层/ [索取号:D923.4/L963] | 在馆 | |
| 2 | 175933 | 201759338 | 社科库509/509社科库 92排4列3层/ [索取号:D923.4/L963] | 在馆 | |
| 3 | 175934 | 201759347 | 社科库509/422社科库 39排3列3层/ [索取号:D923.4/L963] | 在馆 | |
| 4 | 175935 | 201759356 | 社科库509/422社科库 39排3列3层/ [索取号:D923.4/L963] | 在馆 |